MIMO Wireless Communications : (Record no. 15184)

MARC details
000 -LEADER
fixed length control field 01196cam a22002894a 4500
001 - CONTROL NUMBER
control field 14688305
005 - DATE AND TIME OF LATEST TRANSACTION
control field 20080620140556.0
008 - FIXED-LENGTH DATA ELEMENTS--GENERAL INFORMATION
fixed length control field 070108s2007 maua b 001 0 eng
010 ## - LIBRARY OF CONGRESS CONTROL NUMBER
LC control number 2007920395
020 ## - INTERNATIONAL STANDARD BOOK NUMBER
International Standard Book Number 0123725356
020 ## - INTERNATIONAL STANDARD BOOK NUMBER
International Standard Book Number 9780123725356
040 ## - CATALOGING SOURCE
Original cataloging agency DLC
Transcribing agency DLC
Modifying agency DLC
050 00 - LIBRARY OF CONGRESS CALL NUMBER
Classification number TK5103.2
Item number .O34 2007
082 00 - DEWEY DECIMAL CLASSIFICATION NUMBER
Classification number 621.384
Edition number 22
Item number OES
100 1# - MAIN ENTRY--PERSONAL NAME
Personal name Oestges, Claude.
9 (RLIN) 23354
245 10 - TITLE STATEMENT
Title MIMO Wireless Communications :
Remainder of title From Real-World Propagation to Space-Time Code Design /
Statement of responsibility, etc Claude Oestges, Bruno Clerckx.
260 ## - PUBLICATION, DISTRIBUTION, ETC. (IMPRINT)
Place of publication, distribution, etc Oxford :
Name of publisher, distributor, etc Academic Press/ Elsevier, 2007
Date of publication, distribution, etc 2007.
300 ## - PHYSICAL DESCRIPTION
Extent xxvii, 448 p. :
Other physical details ill. ;
Dimensions 25 cm.
504 ## - BIBLIOGRAPHY, ETC. NOTE
Bibliography, etc Includes bibliographical references (p.423-444) and index.
650 #0 - SUBJECT ADDED ENTRY--TOPICAL TERM
Topical term or geographic name as entry element Wireless communication systems.
9 (RLIN) 23355
653 ## - INDEX TERM--UNCONTROLLED
Resource For college
Arrived date list April2011
700 1# - ADDED ENTRY--PERSONAL NAME
Personal name Clerckx, Bruno.
9 (RLIN) 23356
856 42 - ELECTRONIC LOCATION AND ACCESS
Materials specified Publisher description
Uniform Resource Identifier <a href="http://www.loc.gov/catdir/enhancements/fy0811/2007920395-d.html">http://www.loc.gov/catdir/enhancements/fy0811/2007920395-d.html</a>
942 ## - ADDED ENTRY ELEMENTS (KOHA)
Source of classification or shelving scheme Dewey Decimal Classification
Item type Book - Borrowing
Holdings
Withdrawn status Item status Source of classification or shelving scheme Damaged status Not for loan Vendor Home library Current library Shelving location Date acquired Source of acquisition Cost, normal purchase price Serial Enumeration / chronology Total Checkouts Full call number Barcode Date last seen Koha item type
    Dewey Decimal Classification     Baccah Central Library Central Library First floor 27/04/2011   240.00 12158   621.384 OES 000023402 15/07/2025 Book - Borrowing